[Event "Detroit (MOR/1b/14)"]
[Site "?"]
[Date "1990.??.??"]
[Round "?"]
[White "Burke, David"]
[Black "Skidmore, Jennifer"]
[Result "0-1"]
[WhiteElo "1605"]
[BlackElo "1670"]
[PlyCount "48"]
[EventDate "1990.??.??"]

1. e4 e5 2. Nf3 Nc6 3. Bb5 d6 4. Bxc6+ bxc6 5. h3 Nf6 6. Nc3 Be7 7. d3 Bd7 8.
b3 Qc8 9. Bb2 O-O 10. Ne2 Rb8 11. d4 exd4 12. Bxd4 c5 13. Bxf6 Bxf6 14. Rb1 Bc6
15. Qd3 Re8 16. Nd2 Qb7 17. f3 d5 18. c4 dxe4 19. Nxe4 Bxe4 20. fxe4 Rbd8 21.
Qe3 Bd4 22. Nxd4 Rxe4 23. Qxe4 Qxe4+ 24. Ne2 Qxb1+ 0-1

[Event "Detroit (MOR/7/38)"]
[Site "?"]
[Date "1990.??.??"]
[Round "?"]
[White "Burke, David"]
[Black "Mech, R."]
[Result "1-0"]
[WhiteElo "1605"]
[BlackElo "1605"]
[PlyCount "25"]
[EventDate "1990.??.??"]

{7/(38)} 1. e4 e5 2. Nf3 Nc6 3. Bc4 Bc5 4. d3 Nf6 5. Nc3 d6 6. Bg5 O-O 7. Nd5
Be6 8. Nxf6+ gxf6 9. Bh6 Re8 10. Bxe6 fxe6 11. O-O Nd4 12. Nxd4 Bxd4 13. Qg4+
1-0

[Event "Detroit (MCO/2/19)"]
[Site "?"]
[Date "1990.??.??"]
[Round "?"]
[White "Burke, David"]
[Black "Haakonstad, Olaf"]
[Result "0-1"]
[WhiteElo "1605"]
[BlackElo "1920"]
[PlyCount "38"]
[EventDate "1990.??.??"]

{2/(19)} 1. e4 e5 2. Nf3 Nc6 3. Bb5 a6 4. Bxc6 dxc6 5. d3 Bd6 6. Nc3 Bd7 7. Ne2
c5 8. O-O Ne7 9. h3 Nc6 10. Ng3 Nd4 11. c3 Nxf3+ 12. Qxf3 O-O 13. Nh5 Qh4 14.
a3 f5 15. Qe2 f4 16. g3 Qxh3 17. gxf4 Bg4 18. f3 Bxh5 19. Rf2 exf4 0-1

[Event "Detroit (RVO/2)"]
[Site "?"]
[Date "1990.??.??"]
[Round "?"]
[White "Burke, David"]
[Black "Griffin, John"]
[Result "0-1"]
[WhiteElo "1605"]
[BlackElo "1650"]
[PlyCount "108"]
[EventDate "1990.??.??"]

1. e4 c5 2. Nf3 Nc6 3. Bb5 a6 4. Bxc6 bxc6 5. b3 Nf6 6. d3 d5 7. e5 Ng8 8. Bb2
e6 9. Nbd2 Ne7 10. O-O Ng6 11. Re1 Be7 12. c4 O-O 13. Nf1 Qb6 14. Ng3 Rd8 15.
cxd5 cxd5 16. Rb1 a5 17. d4 Qa7 18. dxc5 Bxc5 19. Bd4 Bd7 20. Rc1 Rdc8 21. Bxc5
Rxc5 22. Rxc5 Qxc5 23. Qc1 Rc8 24. Qxc5 Rxc5 25. Rb1 Ne7 26. b4 axb4 27. Rxb4
Rb5 28. Rxb5 Bxb5 29. Nd4 Ba6 30. f4 Nc8 31. Kf2 Nb6 32. Ke3 Na4 33. Kd2 Nc5
34. Kc3 Kf8 35. Nge2 Bxe2 36. Nxe2 Ke7 37. Kb4 Nb7 38. Kb5 Kd7 39. Kb6 Nd8 40.
a4 Nc6 41. Kc5 Kc7 42. Nd4 Nxd4 43. Kxd4 Kb6 44. Kc3 Ka5 45. Kb3 h5 46. g3 f6
47. h3 fxe5 48. fxe5 g5 49. g4 hxg4 50. hxg4 d4 51. Kc4 Kxa4 52. Kxd4 Kb5 53.
Kd3 Kc5 54. Ke4 Kc4 0-1

[Event "Detroit (MOR/6/49)"]
[Site "?"]
[Date "1990.??.??"]
[Round "?"]
[White "Burke, David"]
[Black "Dyer, Todd"]
[Result "1/2-1/2"]
[WhiteElo "1605"]
[BlackElo "1605"]
[PlyCount "66"]
[EventDate "1990.??.??"]

{6/(49)} 1. e4 e5 2. Nf3 Nc6 3. Bc4 Nf6 4. d3 h6 5. Nc3 Bb4 6. Bd2 d6 7. h3 Be6
8. Nd5 Bxd2+ 9. Nxd2 Nd4 10. c3 Nc6 11. Qf3 Na5 12. Nxf6+ Qxf6 13. Qxf6 gxf6
14. Bb3 Nxb3 15. axb3 Rg8 16. Nf1 Bxb3 17. c4 Rxg2 18. Ng3 Bc2 19. Kf1 Rxg3 20.
fxg3 Bxd3+ 21. Ke1 Bxe4 22. Rf1 Ke7 23. h4 Bd3 24. Rf2 a6 25. Ra3 Bxc4 26. Rc3
b5 27. b3 Bd5 28. Rxc7+ Ke6 29. b4 f5 30. Kd2 Kf6 31. Rd7 Ke6 32. Rc7 Kf6 33.
Rd7 Ke6 1/2-1/2

[Event "Detroit (MOR/3/50)"]
[Site "?"]
[Date "1990.??.??"]
[Round "?"]
[White "Burke, David"]
[Black "Clark, M."]
[Result "1-0"]
[WhiteElo "1605"]
[BlackElo "1605"]
[PlyCount "37"]
[EventDate "1990.??.??"]

{3/(50)} 1. e4 e5 2. Nf3 Nc6 3. Nc3 Nf6 4. Bc4 Bb4 5. O-O d6 6. d3 Bg4 7. Be3
Bxc3 8. bxc3 O-O 9. d4 exd4 10. cxd4 Nxe4 11. Re1 d5 12. Bb3 Na5 13. Bf4 Nxb3
14. axb3 Nf6 15. Qd3 Nh5 16. Ng5 Nf6 17. Be5 h6 18. Bxf6 Qxf6 19. Qh7# 1-0

[Event "Detroit (MCO/5/24)"]
[Site "?"]
[Date "1990.??.??"]
[Round "?"]
[White "Burke, David"]
[Black "Chaney, M."]
[Result "1-0"]
[WhiteElo "1605"]
[BlackElo "1605"]
[PlyCount "74"]
[EventDate "1990.??.??"]

{5/(24)} 1. e4 c5 2. Nf3 d6 3. Nc3 Nc6 4. h3 Nf6 5. Bc4 a6 6. a3 b5 7. Ba2 e6
8. d3 Be7 9. Be3 O-O 10. O-O Rb8 11. Ne2 Na5 12. b4 cxb4 13. axb4 Nc6 14. Qd2
Nd7 15. c4 bxc4 16. Bxc4 Rxb4 17. Bxa6 Bxa6 18. Rxa6 Qc8 19. Rxc6 Qxc6 20. Qxb4
Rb8 21. Ned4 Qa6 22. Qc3 Bf6 23. Bg5 e5 24. Bxf6 exd4 25. Bxd4 Rc8 26. Ra1 Rxc3
27. Rxa6 Rxd3 28. Rxd6 Rd1+ 29. Kh2 Nf8 30. Rd8 f6 31. e5 h6 32. e6 Rxd4 33.
Nxd4 g5 34. Nc6 Kg7 35. e7 Ne6 36. g3 Nxd8 37. exd8=Q h5 1-0

[Event "Detroit (MCO/1/15)"]
[Site "?"]
[Date "1990.??.??"]
[Round "?"]
[White "Burke, David"]
[Black "Calton, Bill"]
[Result "0-1"]
[WhiteElo "1605"]
[BlackElo "2025"]
[PlyCount "102"]
[EventDate "1990.??.??"]

{1/(15)} 1. b3 e5 2. Bb2 d6 3. e3 f5 4. d4 exd4 5. exd4 Nf6 6. f4 Be6 7. Bd3
Be7 8. Nf3 O-O 9. Nc3 Nc6 10. d5 Nxd5 11. Nxd5 Bxd5 12. Bb5 Be4 13. Bxc6 Bxc6
14. Qe2 Bh4+ 15. Kf1 Re8 16. Qc4+ Kh8 17. Qf7 Bf6 18. Bxf6 Qxf6 19. Qxf6 gxf6
20. Nd4 Re4 21. Nxc6 Rxf4+ 22. Ke2 Re8+ 23. Kd3 bxc6 24. Raf1 Rxf1 25. Rxf1 Re5
26. h3 Kg7 27. Rf4 Kg6 28. h4 Re4 29. Rxe4 fxe4+ 30. Kxe4 Kh5 31. Kf5 Kxh4 32.
g4 Kg3 33. g5 fxg5 34. Kxg5 Kf3 35. Kh6 Ke3 36. Kxh7 Kd2 37. c4 d5 38. cxd5
cxd5 39. Kg7 Kc3 40. Kf6 d4 41. Ke5 d3 42. b4 Kxb4 43. a3+ Kxa3 44. Kd4 d2 45.
Kc3 d1=Q 46. Kc4 c6 47. Kc3 Qd5 48. Kc2 Qd4 49. Kc1 Qf2 50. Kd1 Kb3 51. Kc1
Qc2# 0-1

[Event "Detroit (RVO/4)"]
[Site "?"]
[Date "1990.??.??"]
[Round "?"]
[White "Burke, David"]
[Black "Attaya, Jim"]
[Result "1/2-1/2"]
[WhiteElo "1605"]
[BlackElo "1605"]
[PlyCount "61"]
[EventDate "1990.??.??"]

1. b3 Nf6 2. Bb2 d6 3. e3 e5 4. d4 exd4 5. exd4 Be7 6. Nf3 O-O 7. Be2 Be6 8.
O-O h6 9. c4 d5 10. Nbd2 c6 11. Rc1 Nbd7 12. c5 Nh7 13. Qc2 f5 14. Bd3 Ng5 15.
Rce1 Ne4 16. Bxe4 fxe4 17. Ne5 Nxe5 18. dxe5 Bg5 19. b4 Bf5 20. Qc3 Qe7 21. f4
d4 22. Qxd4 Rad8 23. Qc3 Rd3 24. Qc4+ Qe6 25. fxg5 Rxd2 26. Qxe6+ Bxe6 27.
Rxf8+ Kxf8 28. gxh6 gxh6 29. Bc3 Rxa2 30. Rxe4 Bd5 31. Rg4 1/2-1/2

[Event "Lansing (MI Am/5/6)"]
[Site "?"]
[Date "1990.??.??"]
[Round "?"]
[White "Burg, Dan"]
[Black "Yaure, Chris"]
[Result "0-1"]
[WhiteElo "1855"]
[BlackElo "1925"]
[PlyCount "92"]
[EventDate "1990.??.??"]

{5/(6)} 1. e4 d6 2. d4 Nf6 3. Nd2 g6 4. f4 Bg7 5. e5 dxe5 6. fxe5 Ng4 7. Ne4
O-O 8. Nf3 b6 9. c3 c5 10. Bd3 cxd4 11. cxd4 Nc6 12. O-O Nxd4 13. Bf4 Nxf3+ 14.
Qxf3 Be6 15. Ng5 Nxe5 16. Bxe5 Bxe5 17. Rae1 Qd4+ 18. Kh1 Qxb2 19. Re2 Qd4 20.
Re4 Qd6 21. Rh4 Bf6 22. Ne4 Qe5 23. Nxf6+ Qxf6 24. Qxf6 exf6 25. Rxf6 Bxa2 26.
Ra4 Rfd8 27. Bf1 Rd2 28. Rxb6 axb6 29. Rxa8+ Kg7 30. Kg1 Be6 31. Rb8 Rd6 32.
Kf2 Kf6 33. Ke3 Ke5 34. h3 f5 35. Rb7 f4+ 36. Kf2 Bd7 37. Be2 g5 38. Rb8 h6 39.
Rb7 Kd4 40. Rc7 b5 41. Rb7 Kc5 42. Rc7+ Kb6 43. Rc1 b4 44. Rc4 Ka5 45. Rc5+ Ka4
46. Bd1+ Rxd1 0-1

[Event "Flint (Class A/3)"]
[Site "?"]
[Date "1990.??.??"]
[Round "?"]
[White "Burg, Dan"]
[Black "Vandivier, Don"]
[Result "1-0"]
[WhiteElo "1840"]
[BlackElo "1940"]
[PlyCount "69"]
[EventDate "1990.??.??"]

1. e4 c5 2. c3 d5 3. exd5 Qxd5 4. Nf3 Bf5 5. d4 Bxb1 6. Rxb1 Qxa2 7. Bf4 cxd4
8. Nxd4 Nd7 9. Nb5 Rc8 10. Nc7+ Kd8 11. Bb5 Ngf6 12. Bxd7 Nxd7 13. Nd5 Qc4 14.
Qf3 e6 15. Ne3 Qb5 16. Nc2 Bc5 17. b4 Be7 18. Na3 Qa4 19. Bc1 Bf6 20. O-O b5
21. Bb2 Ke7 22. Rfd1 Rc7 23. Qd3 Rhc8 24. Nxb5 Qa6 25. Ra1 Qb6 26. Nxc7 Qxc7
27. Ra6 Be5 28. g3 Nb8 29. Ra5 Nc6 30. Rc5 Bd6 31. Rc4 Qb8 32. b5 Ne5 33. Rxc8
Nxd3 34. Rxb8 Nxb2 35. Rb7+ 1-0

[Event "Lansing (MI Am/2/31)"]
[Site "?"]
[Date "1990.??.??"]
[Round "?"]
[White "Burg, Dan"]
[Black "Sujarit, T."]
[Result "1-0"]
[WhiteElo "1855"]
[BlackElo "1605"]
[PlyCount "61"]
[EventDate "1990.??.??"]

{2/(31)} 1. e4 e5 2. Nf3 Nc6 3. d4 exd4 4. Bc4 h6 5. O-O d6 6. Nxd4 Ne5 7. Bb3
c5 8. Nf5 b5 9. Bd5 Rb8 10. f4 Ng6 11. Bc6+ Bd7 12. Nxd6+ Bxd6 13. Qxd6 Rb6 14.
Bxd7+ Qxd7 15. Qxc5 Nf6 16. e5 Ne4 17. Qb4 Qd5 18. Be3 Rc6 19. Na3 Nc5 20. Rfd1
Qe4 21. Bxc5 Qe2 22. Rd2 Qg4 23. Rad1 f5 24. Rd8+ Kf7 25. Qb3+ Re6 26. R1d7+
Ne7 27. Rxe7+ Kg6 28. Qxe6+ Kh5 29. Rd3 Qxf4 30. Rh3+ Kg5 31. Rxg7# 1-0

[Event "Detroit (RVO/4)"]
[Site "?"]
[Date "1990.??.??"]
[Round "?"]
[White "Burg, Dan"]
[Black "Saulmon, Scott"]
[Result "1-0"]
[WhiteElo "1845"]
[BlackElo "1610"]
[PlyCount "101"]
[EventDate "1990.??.??"]

1. e4 e6 2. d4 d5 3. Nd2 Nf6 4. e5 Nfd7 5. Bd3 c5 6. c3 Nc6 7. Ne2 cxd4 8. cxd4
f6 9. f4 Nb4 10. Bb1 f5 11. Nf3 Be7 12. O-O b6 13. a3 Nc6 14. Bd3 Nf8 15. Be3
Ng6 16. Rc1 Bb7 17. Ng5 Qd7 18. Ng3 Bxg5 19. fxg5 Nce7 20. Nh5 Nc6 21. g4 O-O
22. gxf5 exf5 23. Nf4 Nxf4 24. Rxf4 Rae8 25. Rh4 g6 26. Rh6 Nxe5 27. dxe5 d4
28. Bc4+ Bd5 29. Bxd5+ Qxd5 30. Bxd4 Rd8 31. Rc7 Rd7 32. Rxd7 Qxd7 33. Qb3+ Rf7
34. Bc3 Qd8 35. h4 Qc7 36. Qd5 Qd7 37. Qxd7 Rxd7 38. h5 Rd1+ 39. Kg2 gxh5 40.
Rxh5 Rd7 41. Kf3 Rd1 42. Ke2 Rg1 43. e6 Rg4 44. Kf3 Re4 45. Rh6 Rg4 46. e7 Rc4
47. Bf6 Rc1 48. Rh2 Kf7 49. Rxh7+ Ke8 50. Rh8+ Kf7 51. Rf8+ 1-0

[Event "Lansing (MI Am/1/23)"]
[Site "?"]
[Date "1990.??.??"]
[Round "?"]
[White "Burg, Dan"]
[Black "Needleman, Andrew"]
[Result "0-1"]
[WhiteElo "1855"]
[BlackElo "1605"]
[PlyCount "68"]
[EventDate "1990.??.??"]

{1/(23)} 1. e4 c6 2. Nc3 d5 3. Nf3 Bg4 4. d4 e6 5. e5 c5 6. Be3 cxd4 7. Bxd4
Nc6 8. Be2 Bb4 9. O-O Nge7 10. h3 Bh5 11. a3 Nxd4 12. axb4 Nxe2+ 13. Qxe2 O-O
14. Nb5 Nc6 15. g4 Bg6 16. Qd2 Be4 17. Nbd4 Nxd4 18. Nxd4 a6 19. Ra3 Qd7 20. h4
h6 21. Rg3 f6 22. exf6 Rxf6 23. g5 hxg5 24. hxg5 Rg6 25. Qf4 Rf8 26. Qh4 Qe7
27. f4 e5 28. f5 exd4 29. fxg6 Bxg6 30. Rxf8+ Kxf8 31. Rf3+ Kg8 32. Qxd4 Qxg5+
33. Kf2 Be4 34. Rg3 Qf4+ 0-1

[Event "Lansing (Apr)"]
[Site "?"]
[Date "1990.??.??"]
[Round "?"]
[White "Burg, Dan"]
[Black "Hayes, R."]
[Result "0-1"]
[WhiteElo "1840"]
[BlackElo "1945"]
[PlyCount "78"]
[EventDate "1990.??.??"]

1. e4 e5 2. Nf3 Nf6 3. Nc3 Bb4 4. Nd5 Nxd5 5. exd5 e4 6. Qe2 Qe7 7. Nd4 O-O 8.
c4 a5 9. a3 Bc5 10. Nb5 Na6 11. b3 c6 12. Nc3 Bd4 13. Bb2 Nc5 14. O-O-O Nd3+
15. Kc2 Nxf2 16. Re1 Nxh1 17. Nxe4 Bxb2 18. Kxb2 cxd5 19. cxd5 d6 20. g4 Qh4
21. Bg2 Bxg4 22. Qf1 Qxh2 23. Bxh1 Qe5+ 24. Ka2 Rac8 25. Nc3 Qf5 26. Be4 Qxf1
27. Rxf1 Rfe8 28. Rf4 Bd7 29. Kb2 f6 30. Rh4 f5 31. Bc2 g6 32. Rh1 Kg7 33. Bd3
g5 34. Ne2 Re5 35. Nc3 Kg6 36. Rg1 h5 37. Bc2 h4 38. d4 Re3 39. Nd1 Re2 0-1

[Event "Lansing (Apr)"]
[Site "?"]
[Date "1990.??.??"]
[Round "?"]
[White "Burg, Dan"]
[Black "Garrison, Ray"]
[Result "1-0"]
[WhiteElo "1840"]
[BlackElo "1825"]
[PlyCount "57"]
[EventDate "1990.??.??"]

1. e4 c5 2. c3 d5 3. exd5 Nf6 4. c4 e6 5. dxe6 Bxe6 6. Nc3 Nc6 7. Nf3 Bd6 8.
Be2 Qe7 9. O-O Ng4 10. h3 h5 11. Ne4 O-O-O 12. Nxd6+ Qxd6 13. g3 Nge5 14. Nxe5
Nxe5 15. h4 Bxc4 16. b3 Bxe2 17. Qxe2 Rde8 18. Ba3 Qxd2 19. Qxd2 Nf3+ 20. Kg2
Nxd2 21. Rfc1 b6 22. b4 c4 23. Rc2 Ne4 24. Rxc4+ Kb7 25. Rd1 Nf6 26. Bb2 Ng4
27. Rd7+ Ka6 28. a4 Re2 29. b5+ 1-0

[Event "Flint (Class A/5)"]
[Site "?"]
[Date "1990.??.??"]
[Round "?"]
[White "Burg, Dan"]
[Black "Frawley, Ed"]
[Result "1/2-1/2"]
[WhiteElo "1840"]
[BlackElo "1815"]
[PlyCount "46"]
[EventDate "1990.??.??"]

1. e4 e5 2. Nf3 Nc6 3. d4 exd4 4. Bc4 Nf6 5. e5 Ng4 6. Bxf7+ Kxf7 7. Ng5+ Kg8
8. Qxg4 Be7 9. Nf3 d6 10. e6 Ne5 11. Nxe5 dxe5 12. Qf5 Bf6 13. f4 Qe7 14. fxe5
Bh4+ 15. g3 Bxe6 16. Qh5 Bf7 17. Qxh4 Qxe5+ 18. Kf2 Re8 19. Rf1 Qe2+ 20. Kg1
Bd5 21. Rf2 Qd1+ 22. Rf1 Qe2 23. Rf2 Qd1+ 1/2-1/2

[Event "Detroit (RVO/2)"]
[Site "?"]
[Date "1990.??.??"]
[Round "?"]
[White "Burg, Dan"]
[Black "Dowling, John"]
[Result "0-1"]
[WhiteElo "1845"]
[BlackElo "2185"]
[PlyCount "76"]
[EventDate "1990.??.??"]

1. e4 c5 2. c3 Nf6 3. e5 Nd5 4. d4 cxd4 5. cxd4 Nc6 6. Nf3 e6 7. Nc3 Nxc3 8.
bxc3 d6 9. exd6 Qxd6 10. Bd3 Be7 11. O-O O-O 12. Ng5 Bxg5 13. Bxg5 Ne7 14. Rb1
Ng6 15. Qf3 Bd7 16. Qxb7 Bc6 17. Qb2 Bxg2 18. Kxg2 Qd5+ 19. f3 Qxg5+ 20. Kh1
Rac8 21. c4 Rfd8 22. Qf2 Nf4 23. Rb5 Nxd3 24. Rxg5 Nxf2+ 25. Rxf2 Rxc4 26. Ra5
Rc7 27. Rd2 g6 28. Kg2 Rd5 29. Rxd5 exd5 30. Kf2 Kg7 31. Ke3 Kf6 32. Kf4 h5 33.
h3 g5+ 34. Kg3 h4+ 35. Kg2 Kf5 36. Re2 f6 37. Kf2 Rc3 38. Re7 Rc2+ 0-1

[Event "Flint (Class A/1)"]
[Site "?"]
[Date "1990.??.??"]
[Round "?"]
[White "Burg, Dan"]
[Black "Calton, Bill"]
[Result "0-1"]
[WhiteElo "1840"]
[BlackElo "2050"]
[PlyCount "64"]
[EventDate "1990.??.??"]

1. e4 d6 2. d4 g6 3. f4 Bg7 4. Nf3 Nf6 5. e5 dxe5 6. fxe5 Nd5 7. c4 Nb6 8. Nc3
Bg4 9. Be3 c5 10. d5 Qc8 11. Bf4 N8d7 12. e6 fxe6 13. dxe6 Ne5 14. Nd5 Nxd5 15.
cxd5 O-O 16. Bxe5 Bxe5 17. Qe2 Bf4 18. Qe4 Qc7 19. Be2 Rad8 20. O-O a6 21. h3
Bf5 22. Qc4 b5 23. Qb3 c4 24. Qd1 Qc5+ 25. Kh1 Rxd5 26. Qe1 Rd6 27. Qh4 Rxe6
28. Qxf4 Rxe2 29. Qh6 Be4 30. Rad1 Rf2 31. Rxf2 Qxf2 32. Nh4 Qf4 0-1

[Event "Detroit (MOR/7/18)"]
[Site "?"]
[Date "1990.??.??"]
[Round "?"]
[White "Brown, S."]
[Black "Sujarit, P."]
[Result "1-0"]
[WhiteElo "1630"]
[BlackElo "1605"]
[PlyCount "65"]
[EventDate "1990.??.??"]

{7/(18)} 1. a3 e5 2. c4 c5 3. g3 d5 4. cxd5 Qxd5 5. Nf3 Nc6 6. Nc3 Qe6 7. d3 f6
8. Bg2 g6 9. O-O Nge7 10. Nd2 Bd7 11. f4 Nf5 12. Nc4 exf4 13. Rxf4 O-O-O 14.
Re4 Qf7 15. Qb3 h5 16. Nb6+ axb6 17. Qxf7 Bd6 18. Nd5 Bc7 19. Nxf6 Nd6 20. Qxg6
Nxe4 21. Nxd7 Nxg3 22. hxg3 Rxd7 23. Bh3 Rhd8 24. Bg5 Nd4 25. Bxd7+ Kxd7 26.
Qf7+ Kc6 27. Bxd8 Bxd8 28. Qxh5 b5 29. b4 b6 30. Qe8+ Kc7 31. Rf1 Kb7 32. Qxd8
Nxe2+ 33. Kg2 1-0

[Event "Detroit (MOR/3/17)"]
[Site "?"]
[Date "1990.??.??"]
[Round "?"]
[White "Brown, S."]
[Black "Nikitin, Mike"]
[Result "0-1"]
[WhiteElo "1630"]
[BlackElo "1605"]
[PlyCount "52"]
[EventDate "1990.??.??"]

{3/(17)} 1. a3 Nf6 2. d4 d5 3. Nf3 g6 4. c4 Bg7 5. Nc3 Nc6 6. cxd5 Nxd5 7. e4
Nxc3 8. bxc3 O-O 9. Bg5 Bg4 10. Qd2 Na5 11. Rb1 b6 12. Bh6 Qd6 13. Ne5 Be6 14.
Bxg7 Kxg7 15. Rb4 c5 16. Ra4 Bb3 17. Rxa5 bxa5 18. Nf3 cxd4 19. Nxd4 Qxa3 20.
Qg5 Qa1+ 21. Ke2 Qd1+ 22. Ke3 Qc1+ 23. Kf3 Qxg5 24. Bd3 Rfd8 25. Rb1 a4 26. Re1
e5 0-1

[Event "Detroit (MOR/5/23)"]
[Site "?"]
[Date "1990.??.??"]
[Round "?"]
[White "Brown, S."]
[Black "Ladomer, W."]
[Result "0-1"]
[WhiteElo "1630"]
[BlackElo "1605"]
[PlyCount "76"]
[EventDate "1990.??.??"]

{5/(23)} 1. e4 e5 2. f4 Bc5 3. Nf3 Nf6 4. Nc3 Ng4 5. d4 exd4 6. Nxd4 d6 7. Nd5
c6 8. Ne3 Qf6 9. Be2 Qxf4 10. Bxg4 Bxg4 11. Nxg4 Qxe4+ 12. Qe2 Qxe2+ 13. Nxe2
O-O 14. Be3 Bxe3 15. Nxe3 Na6 16. O-O-O Rfe8 17. Kd2 Re7 18. Rhe1 Rae8 19. Nf5
Re5 20. Nxd6 Rd5+ 21. Kc1 Rxd1+ 22. Kxd1 Rd8 23. Nd4 Kf8 24. N4f5 g6 25. Kc1
gxf5 26. Nxb7 Rd7 27. Na5 Nb4 28. c3 Nd3+ 29. Kd2 Nxe1+ 30. Kxe1 Re7+ 31. Kf2
Re6 32. Kf3 Kg7 33. Nb3 Kg6 34. Nd4 Rd6 35. Kf4 c5 36. Nf3 Rd1 37. Ne5+ Kf6 38.
Nd7+ Rxd7 0-1

[Event "Detroit (MOR/1b/17)"]
[Site "?"]
[Date "1990.??.??"]
[Round "?"]
[White "Brown, S."]
[Black "Borhani-Azar, C."]
[Result "1-0"]
[WhiteElo "1630"]
[BlackElo "1605"]
[PlyCount "59"]
[EventDate "1990.??.??"]

1. a3 e5 2. c4 Nf6 3. Nc3 Bc5 4. b4 Bd4 5. e3 Qe7 6. Nge2 Bxc3 7. Nxc3 O-O 8.
Be2 d6 9. O-O Be6 10. d4 exd4 11. exd4 h6 12. Re1 c5 13. bxc5 dxc5 14. d5 Bf5
15. Bd3 Qd7 16. Ne4 Bxe4 17. Bxe4 Nxe4 18. Rxe4 Re8 19. Rxe8+ Qxe8 20. Be3 b6
21. Qg4 Qe5 22. Qc8+ Kh7 23. Rc1 Qe7 24. Bf4 Qd7 25. Qf8 Qb7 26. Re1 Na6 27.
Qd6 Qc7 28. Qxc7 Nxc7 29. Bxc7 Rc8 30. Bd6 1-0

[Event "Detroit (MCO/1/4)"]
[Site "?"]
[Date "1990.??.??"]
[Round "?"]
[White "Brooks, John"]
[Black "McCarter, Robert"]
[Result "1-0"]
[WhiteElo "2230"]
[BlackElo "1720"]
[PlyCount "59"]
[EventDate "1990.??.??"]

{1/(4)} 1. d4 Nf6 2. c4 e6 3. Nc3 Bb4 4. Qc2 c5 5. e3 d5 6. Nf3 O-O 7. a3 Bxc3+
8. Qxc3 dxc4 9. dxc5 Nbd7 10. Qxc4 Qa5+ 11. b4 Qa4 12. Bb2 a5 13. Be2 Nd5 14.
Bd1 Qc6 15. Nd4 Qc7 16. Nb5 Qd8 17. Bf3 N7f6 18. Rd1 Qe7 19. Be5 Rd8 20. e4
axb4 21. Bd6 Rxd6 22. cxd6 Qe8 23. exd5 exd5+ 24. Qe2 Qc6 25. O-O Bd7 26. Nc7
Rxa3 27. Nxd5 Nxd5 28. Bxd5 Qc3 29. Rc1 Qf6 30. Rc8+ 1-0

[Event "Detroit (MCO/5/3)"]
[Site "?"]
[Date "1990.??.??"]
[Round "?"]
[White "Brooks, John"]
[Black "Laren, Philip"]
[Result "1-0"]
[WhiteElo "2230"]
[BlackElo "2205"]
[PlyCount "120"]
[EventDate "1990.??.??"]

{5/(3)} 1. d4 d5 2. c4 e6 3. Nc3 c5 4. e3 Nc6 5. Nf3 Nf6 6. Be2 cxd4 7. exd4
Be7 8. O-O O-O 9. Bf4 b6 10. Ne5 Bb7 11. Bf3 Nxe5 12. dxe5 Ne4 13. Rc1 Rc8 14.
cxd5 exd5 15. Qa4 Nc5 16. Qd1 Ba6 17. Be2 Bb7 18. Nb5 Ne6 19. Rxc8 Qxc8 20. Be3
d4 21. Nxd4 Rd8 22. Bg4 Qa8 23. Bxe6 fxe6 24. Qg4 Bf8 25. Qxe6+ Kh8 26. Qg4 Bd5
27. b3 Qb7 28. Rd1 Qe7 29. Bg5 Qd7 30. Qxd7 Rxd7 31. Nb5 Kg8 32. Nd6 Be6 33. f4
g6 34. h3 Bg7 35. Bh4 h5 36. Rc1 Kh7 37. Rc6 Bd5 38. Rc8 Be6 39. Re8 Bd5 40.
Re7 Rxe7 41. Bxe7 Kg8 42. Kf2 a6 43. g4 hxg4 44. hxg4 b5 45. Kg3 Bc6 46. b4 Bd5
47. a3 Bb3 48. Bf6 Bf8 49. f5 gxf5 50. gxf5 Bd5 51. Ne8 Bh6 52. Nc7 Ba2 53. e6
Bc1 54. Nxa6 Bxa3 55. Bc3 Bc1 56. Nc7 Bg5 57. Nxb5 Bd8 58. Be5 Kf8 59. Nc7 Bxc7
60. Bxc7 Bc4 1-0

[Event "Detroit (MCO/3/7)"]
[Site "?"]
[Date "1990.??.??"]
[Round "?"]
[White "Brooks, John"]
[Black "Bemben, R."]
[Result "1-0"]
[WhiteElo "2230"]
[BlackElo "1895"]
[PlyCount "43"]
[EventDate "1990.??.??"]

{3/(7)} 1. d4 f5 2. e4 fxe4 3. Nc3 Nf6 4. Bg5 d5 5. Bxf6 exf6 6. Qh5+ g6 7.
Qxd5 Bb4 8. Qxe4+ Qe7 9. Qxe7+ Kxe7 10. Nge2 c5 11. O-O-O Bxc3 12. Nxc3 cxd4
13. Nd5+ Kd6 14. Rxd4 Nc6 15. Rd2 Ke5 16. f4+ Kf5 17. Bd3+ Kg4 18. Be2+ Kf5 19.
g4+ Ke4 20. Rf1 Nd4 21. Nc3+ Ke3 22. Rd3# 1-0

[Event "Lansing (MI Am/1/49)"]
[Site "?"]
[Date "1990.??.??"]
[Round "?"]
[White "Brooks, Brion"]
[Black "Vangilder, W."]
[Result "1-0"]
[WhiteElo "1645"]
[BlackElo "1605"]
[PlyCount "85"]
[EventDate "1990.??.??"]

{1/(49)} 1. d4 d5 2. c4 e6 3. Nc3 Nf6 4. Bg5 Be7 5. cxd5 exd5 6. e3 Bf5 7. Bxf6
Bxf6 8. Qb3 Nd7 9. Nxd5 Nb6 10. Nxf6+ Qxf6 11. Bd3 Bxd3 12. Qxd3 O-O 13. Nf3
Rad8 14. Rc1 Nd5 15. O-O Qb6 16. Qd2 h6 17. a3 c6 18. Ne5 Qc7 19. Nd3 Nf6 20.
f3 b6 21. Nb4 Rd6 22. Qc3 Rc8 23. e4 c5 24. dxc5 bxc5 25. Kh1 a5 26. Nd3 c4 27.
Ne5 Qc5 28. Qxc4 Qxc4 29. Rxc4 Rxc4 30. Nxc4 Rc6 31. Nxa5 Rc2 32. b3 Nd7 33. h3
Ne5 34. Rd1 Rc3 35. Kg1 Nd3 36. a4 Nf4 37. Kf1 Rc2 38. Nc4 Nxg2 39. a5 Nf4 40.
a6 Rh2 41. Rd8+ Kh7 42. a7 Rh1+ 43. Kf2 1-0

[Event "Detroit (MOR/1a/10)"]
[Site "?"]
[Date "1990.??.??"]
[Round "?"]
[White "Brewer, R."]
[Black "Zubatch, Steve"]
[Result "0-1"]
[WhiteElo "1605"]
[BlackElo "1745"]
[PlyCount "70"]
[EventDate "1990.??.??"]

1. e4 g6 2. Nf3 Bg7 3. Nc3 d6 4. d3 Nf6 5. g3 O-O 6. Bg2 e5 7. O-O Bg4 8. h3
Be6 9. Ng5 Qc8 10. Nxe6 Qxe6 11. Nb5 Qd7 12. a4 Nc6 13. c3 a6 14. Na3 Ne8 15.
b4 Ne7 16. Be3 c6 17. Nc4 Nc8 18. Qc2 Kh8 19. Kh2 f5 20. exf5 Qxf5 21. Rad1 Qf7
22. Qb3 Nf6 23. Nd2 Ne7 24. Nf3 Ned5 25. Bc1 Rae8 26. Ng5 Qd7 27. Ne4 Re7 28.
Ba3 b5 29. c4 bxc4 30. Qxc4 Nxe4 31. Bxe4 Ref7 32. Kg2 Rxf2+ 33. Kg1 Rxf1+ 34.
Rxf1 Rxf1+ 35. Kxf1 Ne3+ 0-1

[Event "Lansing (Mini-Swiss.3/1)"]
[Site "?"]
[Date "1990.??.??"]
[Round "?"]
[White "Brewer, R."]
[Black "Vandenburg, V.E."]
[Result "0-1"]
[WhiteElo "1605"]
[BlackElo "1625"]
[PlyCount "80"]
[EventDate "1990.??.??"]

{3/(1)} 1. e4 e6 2. d4 a6 3. Bd3 b5 4. Qg4 Nf6 5. Qh3 g6 6. Nf3 Bb7 7. Nbd2 c5
8. dxc5 Bxc5 9. O-O d6 10. a3 Nbd7 11. b4 Bb6 12. Bb2 e5 13. Rae1 h5 14. Ng5
Ng4 15. Qh4 Nxf2 16. Rxf2 Bxf2+ 17. Qxf2 Qxg5 18. Rf1 O-O 19. Bc1 Qg4 20. h3
Qe6 21. Nf3 f6 22. Nh4 Kg7 23. Qg3 g5 24. Nf5+ Kh8 25. Qf3 Rf7 26. Qxh5+ Rh7
27. Qf3 Rg8 28. g4 Nf8 29. Kh2 Ng6 30. Ng3 Nf4 31. Bxf4 exf4 32. Nf5 d5 33.
exd5 Bxd5 34. Qf2 Qe5 35. Re1 Qc7 36. Ne7 Rxe7 37. Rxe7 Qxe7 38. Qd4 Qe5 39.
Qb6 f3+ 40. Kg1 Qg3+ 0-1

[Event "Detroit (MCO/5/23)"]
[Site "?"]
[Date "1990.??.??"]
[Round "?"]
[White "Brewer, R."]
[Black "Tata, R."]
[Result "1-0"]
[WhiteElo "1605"]
[BlackElo "1605"]
[PlyCount "96"]
[EventDate "1990.??.??"]

{5/(23)} 1. e4 c5 2. d4 cxd4 3. c3 dxc3 4. Nxc3 e6 5. Nf3 Bb4 6. Bd2 a6 7. Bc4
Ne7 8. O-O O-O 9. a3 Bc5 10. Qe2 d5 11. exd5 exd5 12. Ba2 Re8 13. Ng5 Nf5 14.
Qf3 h6 15. Nxf7 Kxf7 16. Nxd5 Kg6 17. Nf4+ Kh7 18. Rad1 Qc7 19. Qh5 Qc6 20. Bb1
Rf8 21. Rfe1 Qb6 22. Nd3 Bd4 23. Qf3 Qf6 24. Nf4 Kh8 25. Bc3 Bxc3 26. bxc3 Nc6
27. Qe4 Kh7 28. g4 g5 29. Nh5 Qg6 30. Qf3 Kg8 31. gxf5 Bxf5 32. Bxf5 Rxf5 33.
Qh3 Raf8 34. Rf1 Rf3 35. Ng3 Rxc3 36. Qd7 Qf7 37. Qd6 Rf3 38. Ne4 Rxa3 39. Qxa3
Kg7 40. Qb2+ Kg6 41. Rd6+ Kh5 42. Qe2+ Qf3 43. Qxf3+ Rxf3 44. Ng3+ Kh4 45.
Rxh6+ Kg4 46. Kg2 Nd4 47. Re1 Nf5 48. Re4+ Rf4 1-0